=LDR 00000nam 2200000 4500 =001 INLIS000000000043077 =005 20200604083720 =035 ##$$a 0010-101300000000999 =008 200604################g##########0#ind## =041 ##$$a Ind =082 ##$$a 297.4 =090 ##$$a 2x4.059, Abd k =100 ##$$a Abdurrahman =245 1#$$a Kompilasi hukum Islam di Indonesia, /$c H. Abdurrahman, SH. MH =260 ##$$a Jakarta :$b Akademika Pressindo,$c 1995 =300 ##$$a Viii, 175 hlm ; $c 19 x 13 cm =650 #4$$a Hukum Islam =850 ##$$a NBPNMAT =020 ##$$a 979-8035-45-3 =084 ##$$a 297.4 ABD k =504 ##$$a Bibliografi : hlm. 176 =990 ##$$a 92303/BPAP-NTB/2014 =990 ##$$a 00093638 =990 ##$$a 00055645 =990 ##$$a 00093638